Unlock : reading, writing & critical thinking : [Level] 3,. Student's book/ (Record no. 781)

MARC details
000 -LEADER
fixed length control field 00769nam a22002417a 4500
005 - DATE AND TIME OF LATEST TRANSACTION
control field 20250420134825.0
008 - FIXED-LENGTH DATA ELEMENTS--GENERAL INFORMATION
fixed length control field 211118b ||||| |||| 00| 0 eng d
020 ## - INTERNATIONAL STANDARD BOOK NUMBER
International Standard Book Number 9781009031400
040 ## - CATALOGING SOURCE
Transcribing agency KCST
082 ## - DEWEY DECIMAL CLASSIFICATION NUMBER
Classification number 428.24
Item number We Un
100 ## - MAIN ENTRY--PERSONAL NAME
Personal name Westbrook, Carolyn,
9 (RLIN) 5140
245 ## - TITLE STATEMENT
Title Unlock : reading, writing & critical thinking : [Level] 3,. Student's book/
Statement of responsibility, etc. Carolyn Westbrook; Lida Baker; Chris Sowton; Jennifer Farmer; Janet Gokay
250 ## - EDITION STATEMENT
Edition statement 2
260 ## - PUBLICATION, DISTRIBUTION, ETC.
Place of publication, distribution, etc. Cambridge, United Kingdom :
Name of publisher, distributor, etc. Cambridge University Press,
Date of publication, distribution, etc. 2019.
300 ## - PHYSICAL DESCRIPTION
Extent 207 p.
521 ## - TARGET AUDIENCE NOTE
Target audience note B1 English Profile.
700 ## - ADDED ENTRY--PERSONAL NAME
Personal name Baker, Lida
9 (RLIN) 5604
700 ## - ADDED ENTRY--PERSONAL NAME
Personal name Sowton, Chris
9 (RLIN) 5143
700 ## - ADDED ENTRY--PERSONAL NAME
Personal name Farmer, Jennifer
9 (RLIN) 5605
700 ## - ADDED ENTRY--PERSONAL NAME
Personal name Gokay, Janet
9 (RLIN) 5606
942 ## - ADDED ENTRY ELEMENTS (KOHA)
Koha item type Book
942 ## - ADDED ENTRY ELEMENTS (KOHA)
Source of classification or shelving scheme Dewey Decimal Classification
Holdings
Withdrawn status Lost status Source of classification or shelving scheme Damaged status Not for loan Home library Current library Date acquired Source of acquisition Cost, normal purchase price Total checkouts Full call number Barcode Date last seen Cost, replacement price Price effective from Koha item type
    Dewey Decimal Classification     KCST Library KCST Library 18/11/2021 Procured 0.00   428.24 We Un 1000000975 18/11/2021 11.50 18/11/2021 Course Textbook
    Dewey Decimal Classification     KCST Library KCST Library 10/08/2023 Free copy from publisher - That AlSalasil 0.00   428.24 We Un 1000001081 10/08/2023   10/08/2023 Course Textbook
    Dewey Decimal Classification     KCST Library KCST Library 10/08/2023 Free copy from publisher - That AlSalasil 0.00   428.24 We Un 1000001082 10/08/2023   10/08/2023 Course Textbook
    Dewey Decimal Classification     KCST Library KCST Library 10/08/2023 Free copy from publisher - That AlSalasil 0.00   428.24 We Un 1000001083 10/08/2023   10/08/2023 Course Textbook
© 2025 KCST. All rights reserved